LEADER 01407nam a2200277 i 4500 001 000000108372 003 CaOOAMICUS 005 20090227000000.0 008 090227s1942 it u000 u ita u 013 $a81018 040 $aSeMil$bita 100 1 $aBonacelli, Bendetto.$0(OLS)http://semarc/name/45501 245 12$aL'Africa nella concezione geografica degli antichi /$cBendetto Bonacelli ; con prefazione e cartina a colori di Paolo Revelli ; e nota biografica (sic) di Amilcare Fantoli. 260 $aVerbania :$bCasa Editrice A. Airoldi,$cstampa 1942. 300 $a253 p., 2 c. di tav. :$bill. ;$c25 cm. 490 0 $aCollezione scientifica e documentaria dell'Africa Italiana ;$vVolume8. 650 4$aAfrica.$0(OLS)http://semarc/subject/8985 650 4$aAfrica - Geografia - Antichità.$0(OLS)http://semarc/subject/19103 700 1 $aFantoli, Amilcare.$0(OLS)http://semarc/name/45503 700 1 $aRevelli, Paolo.$0(OLS)http://semarc/name/45502 830 0$aCollezione scientifica e documentaria dell'Africa Italiana ;$vVolume8.$0(OLS)http://semarc/title/27452 850 $aSeMil 852 $aSeMil$W1$xVenegono$y1$m3S V 27$j64468$B64468$CSeMilBibl$Z2$F139802 $81 961 $aRecupero: Altro 996 $6245$aL'Africa nella concezione geografica degli antichi$9(OLS)http://semarc/title/157143 996 $6260$aVerbania :$bCasa Editrice A. Airoldi$9(OLS)http://semarc/publisher/35380 LEADER 01220nam a2200289 i 4500 001 000000127195 003 CaOOAMICUS 005 20070312000000.0 008 070312s2000 it u000 u ita u 013 $a99903 020 $a88-343-0015-7 040 $aSeMil$bita 100 1 $aVandenplas-Holper, Christiane.$0(OLS)http://semarc/name/52866 245 10$aMaturità e saggezza :$blo sviluppo psicologico in età adulta e nella vecchiaia /$cChristiane Vandenplas-Holper. 260 $aMilano :$bVita e Pensiero,$c2000. 300 $aXIII, 212 p. ;$c24 cm. 490 0 $aTrattati e manuali 500 $aFondo Card. C.M. Martini. 650 4$aAnziani - Psicologia.$0(OLS)http://semarc/subject/17680 830 0$aTrattati e manuali.$0(OLS)http://semarc/title/6994 850 $aSeMil 852 $aSeMil$W1$xVenegono$y1$m2O V 45$j81514$B81514$CSeMilBibl$Z2$F121840 $81 941 1 $a4 961 $aOmaggio: Martini Card. Carlo Maria 996 $6020$a88-343-0015-7$9(OLS)http://semarc/number/113572 996 $6245$aMaturità e saggezza :$blo sviluppo psicologico in età adulta e nella vecchiaia$9(OLS)http://semarc/title/187681 996 $6260$aMilano :$bVita e Pensiero$9(OLS)http://semarc/publisher/29642